| 000 | 00702cam a2200241 a 4500 | ||
|---|---|---|---|
| 001 | 000018358 | ||
| 005 | 20200929165455.0 | ||
| 008 | 720204s1967 fr 000 0 fre d | ||
| 040 |
_aDO-SdBNP _bfre _cLC _dBNPHU |
||
| 042 | _apremarc | ||
| 082 |
_a841.912 _bC469f |
||
| 100 | 1 |
_aChar, René, _d1907-1988. _939761 |
|
| 245 | 1 | 0 |
_aFureur et mystère / _cRené Char ; prólogo Yves Berger. |
| 260 |
_aParis : _bGallimard, _c1967. |
||
| 300 |
_a222 p. ; _c16 cm. |
||
| 490 | 1 | _aPoésie | |
| 650 | 4 |
_aNovela francesa _91075 |
|
| 650 | 4 |
_aLiteratura francesa _ySIGLO XX _94232 |
|
| 700 | 1 |
_aBerger, Yves, _epról. _939762 |
|
| 830 | 0 |
_aPoésie _939763 |
|
| 910 | _aCatalogación derivada | ||
| 049 | _aBNGR | ||
| 999 |
_c17879 _d17879 |
||